[Event "Paris Immopar"]
[Site "Paris"]
[Date "1990.??.??"]
[Round "?"]
[White "Lautier, Joel"]
[Black "Spassky, Boris V"]
[Result "1-0"]
[WhiteElo "2500"]
[BlackElo "2560"]

1.d4 Nf6 2.c4 e6 3.Nf3 d5 4.Nc3 Be7 5.Bg5 O-O 6.e3 h6 7.Bh4 Ne4 8.Bxe7 Qxe7
9.Qb3 c6 10.Bd3 Nxc3 11.Qxc3 Nd7 12.O-O Re8 13.cxd5 exd5 14.b4 Qd6 15.a4 b6
16.Rfc1 Bb7 17.a5 Rab8 18.axb6 axb6 19.Ra7 b5 20.Nd2 Nb6 21.Nb3 Nc4 22.Nc5 Bc8
23.Rca1 Qf6 24.Rc7 Bg4 25.Bxc4 dxc4 26.Ra6 Rbc8 27.Raxc6 Qxc6 28.Rxc6 Rxc6
29.d5 Rd6 30.e4 f6 31.f4 Bh5 32.Qd4 Bf7 33.g4 Ra8 34.h4 g6 35.Nb7 Rd7 36.Na5 f5
37.gxf5 gxf5 38.d6 fxe4 39.Qxe4 Re8 40.Qd4 Re6 41.Nb7 Rg6+ 42.Kh2 h5 43.Qb6 Rg4
44.Nc5 Rxh4+ 45.Kg3 Rg4+ 46.Kf3 Bd5+ 47.Ke3 Rf7 48.d7 Rg3+ 49.Kd4 Rxf4+ 50.Kxd5 Rg5+
51.Ke6 Rg6+ 52.Ke7 Rg7+ 53.Kd8 Rf8+ 54.Kc7 Kh7  1-0

[Event "Paris Immopar"]
[Site "Paris"]
[Date "1990.??.??"]
[Round "?"]
[White "Short, Nigel D"]
[Black "Lautier, Joel"]
[Result "1/2-1/2"]
[WhiteElo "2635"]
[BlackElo "2500"]

1.e4 c5 2.Nf3 e6 3.c3 d5 4.exd5 Qxd5 5.d4 Nf6 6.Na3 Be7 7.Nb5 Na6 8.Be2 O-O
9.O-O cxd4 10.Nfxd4 e5 11.c4 Qd8 12.Nb3 Be6 13.Be3 Qb8 14.h3 Rd8 15.Qb1 b6
16.Rd1 Qb7 17.a3 Qc6 18.Rxd8+ Bxd8 19.Nd2 Qd7 20.Nf3 e4 21.Nfd4 Nc7 22.Nxe6 Nxe6
23.Qd1 Qb7 24.Qc2 Be7 25.Rd1 a6 26.Nd4 Nxd4 27.Bxd4 Qc6 28.Qc3 Rc8 29.Qe3 Rd8
30.b4 a5 31.b5 Qe6 32.Bxb6 Rxd1+ 33.Bxd1 Qxc4 34.Bxa5 Qxb5 35.Be1 Qb1 36.Qb3 Qxb3
37.Bxb3 Bxa3 38.Bc2 Bb2 39.Ba5 Bd4 40.Kf1 e3 41.fxe3 Bxe3 42.Ke2 Bd4 43.Kf3 g6
44.g4 Kg7 45.Bc7 Nd5 46.Bd6 Bb6 47.Bb3 Nc7 48.Bxc7 Bxc7 49.Kg2 f6 50.Kf3 Kf8
51.Kg2 Ke7 52.Kf3 h5 53.gxh5 gxh5 54.Kg2 Kd6 55.Bd1  1/2-1/2

[Event "Paris Immopar"]
[Site "Paris"]
[Date "1990.??.??"]
[Round "?"]
[White "Lautier, Joel"]
[Black "Short, Nigel D"]
[Result "0-1"]
[WhiteElo "2500"]
[BlackElo "2635"]

1.d4 e6 2.c4 f5 3.g3 Nf6 4.Bg2 Be7 5.Nf3 O-O 6.O-O d5 7.b3 Bd7 8.Ba3 Be8
9.Qc1 a5 10.Bxe7 Qxe7 11.Qa3 Qb4 12.Rc1 Nc6 13.e3 Ne4 14.Ne1 dxc4 15.bxc4 e5
16.Qxb4 axb4 17.Nc2 exd4 18.exd4 b3 19.axb3 Rxa1 20.Nxa1 Nxd4 21.Re1 Bh5
22.Na3 Ne2+ 23.Rxe2 Bxe2 24.N1c2 Ra8 25.f3 Nd2 26.Kf2 Bd1 27.f4 c6 28.Ke3 Nxb3
29.Kd3 Bxc2+ 30.Nxc2 Rd8+ 31.Kc3 Nc5 32.Kb4 Rd2 33.Ne3 Ne6 34.Kc3 Rf2 35.h4 g6
36.Kd3 Kf7 37.Bf1 Rf3 38.Ke2 Nd4+ 39.Kd3 Nc2  0-1

[Event "Belgrade Invest"]
[Site "Belgrade"]
[Date "1991.??.??"]
[Round "?"]
[White "Damljanovic, Branko"]
[Black "Lautier, Joel"]
[Result "1-0"]
[WhiteElo "2585"]
[BlackElo "2560"]

1.Nf3 Nf6 2.g3 g6 3.b3 Bg7 4.Bb2 d6 5.Bg2 e5 6.d3 O-O 7.O-O Nc6 8.c4 h6 9.Nc3 Bg4
10.h3 Be6 11.d4 Bd7 12.dxe5 dxe5 13.e4 Re8 14.Re1 Qc8 15.Kh2 Nh7 16.Qd2 Nd4
17.Nxd4 exd4 18.Nb5 Rd8 19.e5 Bc6 20.f4 d3 21.Rad1 Nf8 22.Re3 Bxg2 23.Qxg2 a6
24.Nc3 b5 25.Nd5 Kh8 26.Rexd3 Qb7 27.Ne3 Qxg2+ 28.Kxg2 Re8 29.Kf3 Kg8 30.Bc3 Ne6
31.Rd7 c6 32.Ng4 bxc4 33.bxc4 Reb8 34.Nf2 Nc5 35.Rc7 Na4 36.Ne4 Nxc3 37.Nxc3 Rc8
38.Rdd7 Rxc7 39.Rxc7 Rd8 40.Ke2 f6 41.exf6 Bxf6 42.Ne4  1-0

[Event "Belgrade Invest"]
[Site "Belgrade"]
[Date "1991.??.??"]
[Round "?"]
[White "Lautier, Joel"]
[Black "Ljubojevic, Ljubomir"]
[Result "1-0"]
[WhiteElo "2560"]
[BlackElo "2600"]

1.d4 d5 2.c4 c6 3.Nf3 Nf6 4.cxd5 cxd5 5.Nc3 Nc6 6.Bf4 Bf5 7.e3 e6 8.Qb3 Bb4
9.Bb5 Qa5 10.O-O O-O 11.Bxc6 bxc6 12.Bc7 Qxc7 13.Qxb4 Rfb8 14.Qa3 Nd7 15.Na4 Bg4
16.Nd2 Qa5 17.Nb3 Qb4 18.f3 Bf5 19.Rfc1 Qb5 20.Nbc5 Nf8 21.Qc3 f6 22.Re1 Bg6
23.Rac1 Re8 24.e4 dxe4 25.fxe4 e5 26.Red1 exd4 27.Rxd4 Re7 28.Qc4+ Bf7 29.Qxb5 cxb5
30.Nc3 Rc8 31.Nxb5 Ne6 32.Rdc4 Nf4 33.R4c2 Bxa2 34.b4 Bf7 35.Ra1 Ra8 36.Rd2 Be8
37.Nd6 Rd8 38.Rad1 Rb8 39.Nf5 Re5 40.Rd8 Rxb4 41.R1d7 Kf8 42.Nd6 h5 43.Rxa7 g5
44.Nd7+ Ke7 45.Rxe8+ Kxd6 46.Nxe5 Rb1+ 47.Kf2 Rb2+ 48.Kf1 Rb1+ 49.Kf2 Rb2+
50.Ke3 Nxg2+ 51.Kd3 fxe5 52.Ra6+ Kd7 53.Rxe5 Ne1+ 54.Ke3 Nc2+ 55.Kd2 Nb4+
56.Kc3 Rb1 57.Rh6 Nc6 58.Rxg5 Kc7 59.Rgxh5 Re1 60.Kd2 Rxe4 61.Rc5 Rd4+ 62.Ke3 Rd6
63.Rxd6 Kxd6  1-0

[Event "Biel"]
[Site "Biel"]
[Date "1991.??.??"]
[Round "1"]
[White "Lautier, Joel"]
[Black "Shirov, Alexei"]
[Result "0-1"]
[WhiteElo "2560"]
[BlackElo "2610"]

1.d4 d5 2.c4 Bf5 3.Nc3 e6 4.Nf3 c6 5.e3 Nd7 6.Bd3 Bxd3 7.Qxd3 f5 8.O-O Bd6
9.Bd2 Nh6 10.g3 O-O 11.Nh4 Ng4 12.cxd5 cxd5 13.Nb5 Be7 14.Ng2 Qb6 15.Nc3 Rac8
16.f3 Ngf6 17.Rac1 Qxb2 18.Rb1 Qa3 19.Nf4 Rc6 20.Rxb7 g5 21.Nfe2 a6 22.Rfb1 Rc4
23.R1b3 Qd6 24.Nd1 Qc6 25.Nb2 Rc8 26.Qb1 g4 27.fxg4 Rc2 28.Qd1 Ne4 29.Be1 fxg4
30.Nf4 Nef6 31.Ne2 Ne4 32.Nf4 Nf2 33.Bxf2 Rc1 34.Qxc1 Qxc1+ 35.Kg2 Qc6 36.Nbd3 Bg5
37.Ne2 Rc7 38.Rxc7 Qxc7 39.Nef4 Kf7 40.Rb1 Bxf4 41.Nxf4 Qc2 42.Rb7 Ke7 43.Ra7 Qc4
44.a3 Kd6 45.Be1 Qa2+ 46.Kf1 Qxa3 47.Ke2 Qa2+ 48.Kd1 Qa4+ 49.Ke2 Nf6 50.Rb7 Qc2+
51.Kf1 Ne4 52.Rb6+ Kd7 53.Rb7+ Kc8 54.Rb6 Qxh2  0-1

[Event "Biel"]
[Site "Biel"]
[Date "1991.??.??"]
[Round "9"]
[White "Lautier, Joel"]
[Black "Gavrikov, Viktor"]
[Result "1/2-1/2"]
[WhiteElo "2560"]
[BlackElo "2585"]

1.c4 e5 2.Nc3 Bb4 3.Nd5 Be7 4.Nf3 Nc6 5.d4 e4 6.Nd2 f5 7.e3 Nf6 8.Nxe7 Qxe7
9.Be2 d6 10.b4 O-O 11.b5 Nd8 12.a4 Ne6 13.Nb3 Ng4 14.g3 Ng5 15.h3 Nf6 16.Ba3 Re8
17.h4 Nf7 18.c5 Be6 19.Na5 Bd5 20.Rc1 dxc5 21.Rxc5 Qd7 22.Rc3 Nd6 23.Qc2 Rac8
24.Kd2 Ng4 25.Rc1 Re7 26.Ke1 Rf7 27.Bxd6 Qxd6 28.Bc4 Bxc4 29.Rxc4 Qb6 30.Nb3 Qh6
31.Qe2 Qd6 32.Rc5 b6 33.R5c4 Nf6 34.Kf1 Nd5 35.Rc6 Qe7 36.Nd2 Nb4 37.R6c4 g6
38.Rb1 Nd5 39.Rcc1 Qe6 40.Rc6 Qe7 41.Qc4 Rd8 42.Qb3 g5 43.hxg5 Qxg5 44.Nc4 h5
45.Ne5 Rg7 46.Re1 Kh7 47.Ke2 Re7 48.Rh1 Kg7 49.Rg6+ Qxg6 50.Nxg6 Kxg6 51.Rc1 Re6
52.Qa3 Kf6 53.a5 Red6 54.Kd2 Kg6 55.Rc4 Kf7 56.axb6 axb6 57.Qa7 Kf6 58.Qb7 Ke7
59.Kc1 Kf7 60.Kb2 Ke7 61.Kb3 Kf7 62.Rc6 Rxc6 63.Qxc6 Rd6 64.Qb7 Rd7 65.Kc4 Nf6
66.Qc8 Kg6 67.Qa8 Re7 68.Qc6 Kf7 69.Kc3 Kg7 70.Kd2 Ne8 71.Ke2 Nd6 72.Kf1 Kf6
73.Kg2 Kg5 74.Kh3 Kf6 75.Kh4 Rf7 76.Qd5 Ke7 77.Kxh5 Kd8 78.Kg6 Re7 79.Kf6 Re8
80.Qc6 Kc8 81.Qa8+ Kd7 82.Qc6+ Kd8 83.Qd5 Kd7 84.Kg5 Kd8 85.Kf4 Kd7 86.Qb3 Kd8
87.Qa2 Kd7 88.Qe2 Kd8 89.Qh5 Kd7 90.g4 fxg4 91.Qxg4+ Kd8 92.Qg5+ Kd7 93.Qg4+ Kd8
94.Kg3 Re7 95.Qg8+ Kd7 96.Qg4+ Kd8 97.Qg5 Kd7 98.f4 exf3 99.Kxf3 Re8 100.Qd5 Kd8
101.e4 Rxe4 102.Qxd6+ cxd6 103.Kxe4 Ke8 104.Kf5 Ke7 105.d5  1/2-1/2

[Event "FRA-chT"]
[Site "FRA"]
[Date "1991.??.??"]
[Round "?"]
[White "Lautier, Joel"]
[Black "Pinter, Jozsef"]
[Result "1-0"]
[WhiteElo "2550"]
[BlackElo "2565"]

1.c4 c5 2.Nf3 Nf6 3.Nc3 Nc6 4.d4 cxd4 5.Nxd4 e6 6.Bg5 Be7 7.e3 O-O 8.Be2 d6
9.O-O a6 10.Rc1 Bd7 11.Nb3 b6 12.Bxf6 gxf6 13.Qd2 Ra7 14.f4 Kh8 15.Ne4 Be8
16.Rcd1 Rd7 17.Qc3 Rg8 18.f5 e5 19.Bf3 Na7 20.Qd3 b5 21.Nc3 Qb8 22.Nd5 Nc8
23.cxb5 axb5 24.Nd2 Nb6 25.Nxe7 Rxe7 26.Ne4 Nc4 27.Nxf6 Nxb2 28.Qxd6 Qxd6
29.Rxd6 Rf8 30.Be2 Nc4 31.Bxc4 bxc4 32.Rc1 Bb5 33.Rb6  1-0

[Event "New York op"]
[Site "New York"]
[Date "1991.??.??"]
[Round "7"]
[White "Lautier, Joel"]
[Black "Bisguier, Arthur Bernard"]
[Result "1-0"]
[WhiteElo "2550"]
[BlackElo "2365"]

1.c4 e6 2.Nc3 d5 3.d4 c6 4.Nf3 Nf6 5.Bg5 h6 6.Bxf6 Qxf6 7.e3 Nd7 8.Bd3 Bd6
9.O-O Qe7 10.c5 Bc7 11.e4 dxe4 12.Nxe4 O-O 13.Re1 Nf6 14.Nxf6+ Qxf6 15.Qe2 Rd8
16.b4 Bd7 17.a4 Be8 18.Rab1 a6 19.Red1 Kf8 20.g3 g6 21.Kg2 Kg7 22.h4 Rd5
23.Be4 Rdd8 24.Qb2 Kg8 25.Ne5 Qg7 26.Qc3 f6 27.Nc4 g5 28.hxg5 hxg5 29.Rd2 Bg6
30.Re1 Kf7 31.Rde2 Re8 32.Qb3 f5 33.Bb1 Qf6 34.Ba2 Kg7 35.Ne5 Bxe5 36.dxe5 Qf7
37.Rd2 f4 38.g4 Re7 39.Rd6 Rh8 40.f3 Rhe8 41.Red1 Qg8 42.Rd7 Qf7 43.Rxe7 Rxe7
44.Rd6 Rd7 45.Qxe6 Qxe6 46.Bxe6 Re7 47.Rd7 Rxd7 48.Bxd7 Bc2 49.a5 Kf7 50.Bc8 Bd3
51.Bxb7 Ke6 52.Bxc6 Kxe5 53.b5  1-0

[Event "Rubinstein mem"]
[Site "Polanica Zdroj"]
[Date "1991.??.??"]
[Round "9"]
[White "Gdanski, Jacek"]
[Black "Lautier, Joel"]
[Result "1/2-1/2"]
[WhiteElo "2430"]
[BlackElo "2560"]

1.e4 e5 2.Nf3 Nc6 3.Bb5 f5 4.Nc3 fxe4 5.Nxe4 d5 6.Ng3 Bg4 7.h3 Bxf3 8.Qxf3 Nf6
9.Nh5 Qd6 10.Nxf6+ gxf6 11.Qh5+ Kd7 12.O-O Rd8 13.d4 Kc8 14.dxe5 fxe5 15.Bg5 Be7
16.Bxc6 bxc6 17.Bxe7 Qxe7 18.Rae1 e4 19.f3 Qc5+ 20.Rf2 exf3 21.Qxf3 Rde8
22.Rxe8+ Rxe8 23.c3 Kb7 24.Kh2 Re4 25.a3 Qe7 26.g3 Qg5 27.h4 Qc1 28.Qg2 Qd1
29.Rd2 Qg4 30.Qf2 h5 31.Kg2 Qe6 32.Qf3 Qe5 33.Rf2 Rg4 34.Qd3 a6 35.Qf3 c5
36.Rd2 Kc6 37.Rf2 Kb5 38.Qe2+ Qxe2 39.Rxe2 Kc4 40.Kf3 d4 41.Re5 d3 42.Rxh5 Rg8
43.Ke3 Rxg3+ 44.Kd2 Rg2+ 45.Kd1 Rxb2 46.Rg5 Rh2 47.h5 a5 48.a4 Kxc3 49.Rxc5+ Kb4
50.Rxc7 Rxh5 51.Rd7 Rh3 52.Kd2 Kxa4 53.Rb7 Ka3 54.Ra7 a4 55.Kc3 Rh8 56.Kxd3 Rc8
57.Kd2 Kb3 58.Rb7+ Ka2 59.Ra7 a3 60.Rb7 Ka1 61.Ra7 a2 62.Rb7  1/2-1/2

[Event "Rubinstein mem"]
[Site "Polanica Zdroj"]
[Date "1991.??.??"]
[Round "10"]
[White "Lautier, Joel"]
[Black "Romanishin, Oleg M"]
[Result "1/2-1/2"]
[WhiteElo "2560"]
[BlackElo "2600"]

1.d4 Nf6 2.c4 e6 3.Nc3 Bb4 4.e3 b6 5.Ne2 c5 6.a3 Ba5 7.Rb1 Na6 8.Bd2 O-O
9.d5 d6 10.Ng3 Bxc3 11.Bxc3 exd5 12.cxd5 Nc7 13.e4 Re8 14.Bxf6 Qxf6 15.Be2 Bd7
16.O-O Bb5 17.Bxb5 Nxb5 18.Qd3 Nd4 19.Rbe1 Rac8 20.f4 Qg6 21.Re3 f6 22.Ne2 Nxe2+  1/2-1/2

[Event "Terrassa"]
[Site "Terrassa"]
[Date "1991.??.??"]
[Round "2"]
[White "Romanishin, Oleg M"]
[Black "Lautier, Joel"]
[Result "1-0"]
[WhiteElo "2610"]
[BlackElo "2550"]

1.e4 c5 2.Nf3 e6 3.d3 Nc6 4.g3 g6 5.Bg5 Qc7 6.Bg2 Bg7 7.Nc3 d6 8.O-O Nge7
9.Nb5 Qd7 10.c3 O-O 11.d4 cxd4 12.Nbxd4 b6 13.Qd2 Bb7 14.Rad1 Na5 15.Rfe1 Rac8
16.b3 Rfe8 17.c4 a6 18.Bh6 Qc7 19.Bh3 e5 20.Bxg7 Kxg7 21.Bxc8 Nxc8 22.Nc2 f5
23.Ne3 Bxe4 24.Nd5 Bxd5 25.cxd5 h6 26.Nd4 Kh7 27.Ne6 Qb8 28.Rc1 Nb7 29.Rc4  1-0

[Event "Terrassa"]
[Site "Terrassa"]
[Date "1991.??.??"]
[Round "6"]
[White "Lautier, Joel"]
[Black "Illescas Cordoba, Miguel"]
[Result "1-0"]
[WhiteElo "2550"]
[BlackElo "2545"]

1.c4 e5 2.Nc3 Nf6 3.Nf3 d6 4.g3 c6 5.Bg2 Be7 6.O-O O-O 7.e4 Nbd7 8.d4 a6
9.a4 a5 10.d5 Nc5 11.Ne1 Qb6 12.h3 Qb4 13.Qe2 Nb3 14.Nc2 Nxc1 15.Rfxc1 Qb6
16.Ne3 Qc5 17.Rc2 g6 18.Na2 Nd7 19.Nc1 Qb6 20.Nd3 Nc5 21.Ra3 Kh8 22.Kh1 f5
23.exf5 gxf5 24.Nxc5 Qxc5 25.Rb3 Bf6 26.Qh5 Bg7 27.g4 Ra6 28.gxf5 Rb6 29.Rd3 Qb4
30.f6 Rxf6 31.Be4 Kg8 32.Rd1 Kf8 33.Rg1 h6 34.f3 Qb3 35.Rcg2  1-0

[Event "Terrassa"]
[Site "Terrassa"]
[Date "1991.??.??"]
[Round "8"]
[White "Lautier, Joel"]
[Black "Epishin, Vladimir"]
[Result "1-0"]
[WhiteElo "2550"]
[BlackElo "2620"]

1.c4 e5 2.Nc3 Nf6 3.Nf3 Nc6 4.g3 Bb4 5.Nd5 Bc5 6.Bg2 d6 7.O-O O-O 8.e3 Bb6
9.d4 Re8 10.Nxb6 axb6 11.d5 Ne7 12.Nd2 b5 13.e4 c6 14.b3 bxc4 15.bxc4 Bd7
16.Qb3 Qa5 17.Rb1 b5 18.cxb5 cxb5 19.Rb2 Rec8 20.Nb1 Rc4 21.Bd2 Qa6 22.Re1 Nc8
23.Nc3 b4 24.Nb1 Ba4 25.Qe3 Rc2 26.Rxb4 Rxa2 27.Bf1 Qa7 28.Nc3 Qxe3 29.Bxe3 Ra3
30.Nxa4 R3xa4 31.Rxa4 Rxa4 32.Rb1 Ra8 33.f3 Kf8 34.Rb7 Ne8 35.Bb5 Ne7 36.g4 Ng6
37.Ba7 Rc8 38.Rb8 Rxb8 39.Bxb8 f6 40.Kf2 Nh8 41.Bxe8 Kxe8 42.Bxd6 Nf7 43.Bb4 Ng5
44.Kg3 Nf7 45.Bd2 Nd6 46.Bc3 Nf7 47.Bb4 Nh8 48.g5 Kf7 49.Kg4 Ng6 50.Bd2 Ne7
51.Kh5 Ng8 52.Be3 Kf8 53.Bc5+ Kf7 54.Bd6 g6+ 55.Kg4 h6 56.h4 Ke8 57.Kg3 Kf7
58.Kf2 Kg7 59.Ke3 Kf7 60.Kd3 Kg7 61.Kc4 Kf7 62.Kc5 hxg5 63.hxg5 fxg5 64.Bxe5 Nh6
65.Bg3 g4 66.fxg4 Nxg4 67.e5 g5 68.Kc6 Ne3 69.e6+ Kf6 70.Be5+  1-0

[Event "Baden-Baden"]
[Site "Baden-Baden"]
[Date "1992.??.??"]
[Round "3"]
[White "Lautier, Joel"]
[Black "Huebner, Robert"]
[Result "1/2-1/2"]
[WhiteElo "2580"]
[BlackElo "2630"]

1.c4 e5 2.Nc3 Nf6 3.Nf3 Nc6 4.g3 d5 5.cxd5 Nxd5 6.Bg2 Nb6 7.O-O Be7 8.d3 O-O
9.Be3 Be6 10.Qc1 h6 11.Ne4 Bd5 12.Rd1 Bxe4 13.dxe4 Qc8 14.h4 Qe6 15.Kh2 Qc4
16.Rd2 Qxc1 17.Rxc1 Rfd8 18.Rdc2 Bd6 19.a3 a5 20.h5 Nd7 21.Nd2 a4 22.Nc4 Nf6
23.Bf3 Be7 24.Rc3 Ne8 25.Rd3 Bg5 26.Rd5 Bxe3 27.Nxe3 Rxd5 28.Nxd5 Nd4 29.Kg2 c6
30.Nb6 Ra6 31.Nd7 Ra5 32.e3 Nxf3 33.Kxf3 f6 34.Nb6 Ra6 35.Nc4 Kf7 36.Kg4 Ke6
37.f4 b5 38.Nd2 Nd6 39.Kf3 Kd7 40.Ke2 Ra8 41.Kd3 Kc7 42.g4 Rd8 43.Ke2 Re8
44.Kd3 Rd8 45.Ke2 Rh8 46.Rg1 Kb6 47.fxe5 fxe5 48.g5 Kc5 49.Kd3 Nc4 50.Nxc4 bxc4+
51.Kc2 Rf8 52.gxh6 gxh6 53.Rg6 Rf2+ 54.Kc3 Re2 55.Rxh6 Rxe3+ 56.Kd2 Rxe4
57.Rh8 Rh4 58.h6 Rh2+ 59.Kc3 Rh3+ 60.Kc2 c3 61.h7 cxb2 62.Kxb2 Kc4 63.Re8 Rh2+
64.Kb1 Rh1+ 65.Kc2 Rxh7 66.Rxe5 Rh2+ 67.Kb1 c5 68.Re4+ Kc3 69.Re3+ Kd4 70.Rg3 Re2
71.Rg4+ Re4 72.Rg2 Kd3 73.Kb2 c4 74.Rg3+ Kd4 75.Rg2 Re3 76.Rd2+ Rd3 77.Rh2 Rb3+
78.Kc2 Rxa3 79.Rh4+ Kc5 80.Rh8 Rg3 81.Rc8+ Kb4 82.Rb8+ Ka3 83.Rc8 Rg4 84.Ra8 Rg1
85.Rc8 Rg4 86.Ra8 Rg1 87.Rc8 Rg4  1/2-1/2

[Event "Baden-Baden"]
[Site "Baden-Baden"]
[Date "1992.??.??"]
[Round "4"]
[White "Kindermann, Stefan"]
[Black "Lautier, Joel"]
[Result "1-0"]
[WhiteElo "2505"]
[BlackElo "2580"]

1.e4 e6 2.d4 d5 3.Nc3 Nf6 4.Bg5 dxe4 5.Nxe4 Be7 6.Bxf6 Bxf6 7.Nf3 O-O 8.Qd2 Be7
9.Bc4 b6 10.O-O-O Bb7 11.Rhe1 Nc6 12.Qe2 Nb4 13.Ne5 c6 14.a3 Nd5 15.Bb3 Qc7
16.c4 Nf6 17.Nxf6+ Bxf6 18.c5 Rad8 19.f4 Rfe8 20.g4 Re7 21.Qe3 Ba6 22.Qc3 bxc5
23.dxc5 Red7 24.Rxd7 Rxd7 25.Bc2 h6 26.Kb1 Qd8 27.Qf3 Bxe5 28.Rxe5 Rd2 29.Re1 Qh4
30.Rc1 g6 31.Qxc6 Bc4 32.f5 Qf6 33.fxg6 Kg7 34.gxf7 Bd3 35.f8=Q+ Kxf8 36.Qc8+ Kg7
37.Qb7+ Kg8 38.Bxd3 Rxd3 39.c6 Qg6 40.Ka1 Qg5 41.Rf1  1-0

[Event "Baden-Baden"]
[Site "Baden-Baden"]
[Date "1992.??.??"]
[Round "5"]
[White "Lautier, Joel"]
[Black "Psakhis, Lev"]
[Result "0-1"]
[WhiteElo "2580"]
[BlackElo "2570"]

1.d4 Nf6 2.c4 e6 3.Nc3 Bb4 4.Qc2 O-O 5.a3 Bxc3+ 6.Qxc3 b6 7.Bg5 Bb7 8.e3 h6
9.Bh4 d6 10.f3 Nbd7 11.Bd3 c5 12.Ne2 Rc8 13.Qd2 cxd4 14.exd4 Ba6 15.Rc1 d5
16.b3 dxc4 17.bxc4 e5 18.O-O exd4 19.Ng3 Rc6 20.Nf5 Nc5 21.Bb1 d3 22.Qc3 Bc8
23.Nd4 Rd6 24.Nb5 Rd7 25.Bf2 Nh5 26.g3 Qg5 27.Rce1 Bb7 28.Re5 Qg6 29.Qd2 Ne6
30.Re3 Rfd8 31.Nc3 Ng5 32.Be1 Nf4 33.h4 Nge6 34.Kh2 Nh5 35.Bf2 Nc5 36.Rfe1 Nf6
37.g4 h5 38.g5 Nh7 39.Ba2 Qf5 40.Nd5 Nf8 41.Re5 Qxf3 42.Bxc5 bxc5 43.R1e3 Bxd5
44.Rxf3 Bxf3 45.Kg3 Ng6 46.Rxc5 Ba8 47.Rd5 Bxd5 48.cxd5 Rxd5 49.Bxd5 Rxd5
50.Kf2 Nxh4 51.Qe1 Rf5+ 52.Kg3 Ng6 53.Qe8+ Kh7 54.Qd8 h4+ 55.Kg4 Rf4+ 56.Kh3 Rf3+
57.Kh2 Nf4 58.Qd7 Rf2+ 59.Kg1 Rg2+ 60.Kf1 Rxg5 61.Ke1 h3  0-1

[Event "Baden-Baden"]
[Site "Baden-Baden"]
[Date "1992.??.??"]
[Round "6"]
[White "Lobron, Eric"]
[Black "Lautier, Joel"]
[Result "1/2-1/2"]
[WhiteElo "2625"]
[BlackElo "2580"]

1.c4 c5 2.g3 Nf6 3.Bg2 e6 4.Nf3 d5 5.O-O Nc6 6.cxd5 exd5 7.d4 Be7 8.Be3 c4
9.b3 O-O 10.bxc4 dxc4 11.Nc3 Qa5 12.d5 Rd8 13.Nd2 Qxc3 14.dxc6 Nd5 15.Bxd5 Rxd5
16.Rc1 Qa3 17.Rxc4 bxc6 18.Qb3 Bh3 19.Re1 Rad8 20.Qxa3 Bxa3 21.Rh4 Be6 22.Ra4 Be7
23.Nb3 a5 24.Nxa5 Rxa5 25.Rxa5 Bb4 26.Bb6 Bxe1  1/2-1/2

[Event "Baden-Baden"]
[Site "Baden-Baden"]
[Date "1992.??.??"]
[Round "8"]
[White "Karpov, Anatoly"]
[Black "Lautier, Joel"]
[Result "1-0"]
[WhiteElo "2715"]
[BlackElo "2580"]

1.d4 d5 2.c4 e6 3.Nc3 Bb4 4.Nf3 Nf6 5.Qa4+ Nc6 6.Ne5 Bd7 7.Nxd7 Qxd7 8.e3 Ne4
9.Qc2 Nxc3 10.bxc3 Be7 11.cxd5 exd5 12.Bd3 h6 13.Qa4 a6 14.Rb1 Ra7 15.c4 b5
16.cxb5 axb5 17.Qxb5 O-O 18.Bc2 Rxa2 19.Qd3 g6 20.Bd2 Ra3 21.Qe2 Qe6 22.h3 h5
23.g4 Ra2 24.Bc3 Rb8 25.Rxb8+ Nxb8 26.Qd3 hxg4 27.Bb3 Ra3 28.Bb2 Ra5 29.hxg4 Qxg4
30.Bc3 Qg2 31.Rf1 Ra3 32.Qb5 Nd7 33.Bxd5 Qg4 34.Bb2 Ra6 35.f3 Qg2 36.Qe2 Qg3+
37.Kd1 Rb6 38.f4 Nf6 39.Bf3 Qh3 40.Rh1 Qe6 41.d5 Qd7 42.Qc2 Rb4 43.Bc3 Rb8
44.Ke2 Nh7 45.Kf2 Bf6 46.Rxh7 Bxc3 47.Qxg6+ fxg6 48.Rxd7 Rb2+ 49.Kg3 Bd2
50.e4 Rb8 51.Rxc7 Rf8 52.f5 gxf5 53.e5 Be1+ 54.Kh3 Rd8 55.d6 Bb4 56.Bd5+ Kh8
57.Rc6 Kg7 58.Kg3 Kg6 59.Kf4 Bd2+ 60.Kf3 Bb4 61.Ke3 Kg5 62.Kd4 Rh8 63.Bg2 Kf4
64.Rc4 Rb8 65.Bc6 Kg5 66.Rxb4 Rxb4+ 67.Kc5 Rb8 68.d7  1-0

[Event "Baden-Baden"]
[Site "Baden-Baden"]
[Date "1992.??.??"]
[Round "10"]
[White "Lautier, Joel"]
[Black "Lutz, Christopher"]
[Result "0-1"]
[WhiteElo "2580"]
[BlackElo "2550"]

1.c4 c5 2.Nf3 Nc6 3.d4 cxd4 4.Nxd4 Nf6 5.Nc3 e6 6.g3 Qb6 7.Nb3 Ne5 8.e4 Bb4
9.Qe2 d6 10.Bd2 O-O 11.f4 Nc6 12.O-O-O e5 13.Nd5 Nxd5 14.cxd5 Bxd2+ 15.Qxd2 Nb4
16.Kb1 Bd7 17.a3 Na6 18.Na5 Nc5 19.Nc4 Qc7 20.fxe5 dxe5 21.Qe3 f6 22.Rc1 Rac8
23.Be2 b5 24.Nd2 Qb6 25.Rc2 f5 26.Rc3 Nxe4 27.Nxe4 Qxe3 28.Rxe3 fxe4 29.Rc1 Kf7
30.Rxc8 Rxc8 31.Rc3 Rxc3 32.bxc3 Ke7 33.Kc2 Kd6 34.Kd2 Kxd5 35.Ke3 Bc6 36.Bf1 Kc5
37.Be2 h6 38.Bf1 Bd5 39.Be2 Bc4 40.Bd1 Bd3 41.Bb3 g5 42.Kd2 Bc4 43.Bd1 Be6
44.Be2 g4 45.Ke3 Bf5 46.Bf1 a5 47.Be2 a4 48.Kf2 h5 49.Ke3 Bg6  0-1

[Event "Barcelona"]
[Site "Barcelona"]
[Date "1992.??.??"]
[Round "?"]
[White "Rivas Pastor, Manuel"]
[Black "Lautier, Joel"]
[Result "1/2-1/2"]
[WhiteElo "2520"]
[BlackElo "2580"]

1.c4 e5 2.Nc3 Nf6 3.Nf3 Nc6 4.e3 Be7 5.d4 exd4 6.Nxd4 O-O 7.Nc2 Nb4 8.Bd2 a5
9.a3 Na6 10.Be2 Nc5 11.Nd4 d5 12.cxd5 Nxd5 13.O-O Nf4 14.exf4 Qxd4 15.Nb5 Qd7
16.Be3 c6 17.Nd4 Bf6 18.Nxc6 Qxc6 19.Rc1 Rd8 20.Qe1 Bxb2 21.Rxc5 Qf6 22.Bc4 Bxa3
23.Rxa5 Be6 24.Bxe6 Qxe6 25.f5 Qc6 26.f6 g6 27.Bd4 Rxa5 28.Qxa5 Rxd4 29.Qxa3 h6
30.Qe3 Rg4 31.g3 h5 32.Qe7 Re4 33.Rd1 Rxe7 34.fxe7 Kg7 35.Rd8 Qc1+ 36.Kg2 Qc6+
37.Kg1 Qc1+ 38.Kg2  1/2-1/2

[Event "Barcelona"]
[Site "Barcelona"]
[Date "1992.??.??"]
[Round "?"]
[White "Lautier, Joel"]
[Black "Rodriguez Vargas, Orestes"]
[Result "1-0"]
[WhiteElo "2580"]
[BlackElo "2455"]

1.c4 e6 2.Nc3 d5 3.d4 c5 4.cxd5 exd5 5.Nf3 Nc6 6.g3 c4 7.Bg2 Bb4 8.O-O Nge7
9.e4 dxe4 10.Nxe4 O-O 11.Qc2 Bf5 12.Nh4 Rc8 13.Nf6+ Kh8 14.Nxf5 Nxf5 15.Qxf5 Qxf6
16.Qxf6 gxf6 17.Be3 Rfd8 18.Rfd1 Rd6 19.Rac1 b5 20.a3 Ba5 21.d5 Rcd8 22.a4 a6
23.axb5 axb5 24.Ra1 Bc7 25.Bc5 Ne5 26.Bxd6 Rxd6 27.Bf1 Kg7 28.b3 c3 29.Bxb5 Rb6
30.Bc4 Nf3+ 31.Kg2 Nd2 32.Rac1 Be5 33.Rc2 Ne4 34.f4 Bd6 35.Bd3  1-0

[Event "Barcelona"]
[Site "Barcelona"]
[Date "1992.??.??"]
[Round "?"]
[White "Lautier, Joel"]
[Black "Dorfman, Josif D"]
[Result "0-1"]
[WhiteElo "2580"]
[BlackElo "2605"]

1.Nf3 d5 2.d4 Nf6 3.c4 dxc4 4.e3 e6 5.Bxc4 c5 6.Qe2 a6 7.dxc5 Bxc5 8.O-O Nc6
9.Nbd2 O-O 10.a3 Nd5 11.Ne4 Be7 12.b4 b5 13.Bd3 f5 14.Ng3 Bf6 15.Bb2 Bxb2
16.Qxb2 Nxe3 17.Bxb5 axb5 18.fxe3 Qf6 19.Qb3 Kh8 20.Rad1 Ne5 21.Ne4 Nxf3+
22.Rxf3 Qe7 23.Nc5 e5 24.Rf2 f4 25.exf4 exf4 26.Rdf1 Qe5 27.Qd3 h6 28.Re2 Qg5
29.Qc3 Ra7 30.Kh1 Raf7 31.Ref2 Bg4 32.h3 f3 33.hxg4 Qh4+ 34.Kg1 fxg2  0-1

[Event "Chalkidiki"]
[Site "Chalkidiki"]
[Date "1992.??.??"]
[Round "4"]
[White "Lautier, Joel"]
[Black "Illescas Cordoba, Miguel"]
[Result "1/2-1/2"]
[WhiteElo "2560"]
[BlackElo "2560"]

1.d4 d5 2.c4 e6 3.Nc3 c6 4.Nf3 Nf6 5.Bg5 h6 6.Bxf6 Qxf6 7.Qc2 dxc4 8.e3 b5
9.a4 Bb7 10.axb5 cxb5 11.Nxb5 Bb4+ 12.Nc3 O-O 13.Be2 Nd7 14.O-O e5 15.dxe5 Nxe5
16.Nxe5 Qxe5 17.Bxc4 Rac8 18.Qb3 Bxg2 19.Bxf7+ Rxf7 20.Rxa7 Bxf1 21.Qxf7+ Kh7
22.Kxf1 Bxc3 23.Qd7 Bd4 24.Qxd4 Rc1+ 25.Kg2 Qg5+ 26.Kf3 Qf5+ 27.Qf4 Qh3+
28.Qg3 Qf5+ 29.Kg2 Qd5+ 30.Kh3 Qh5+ 31.Kg2 Qd5+  1/2-1/2

[Event "Chalkidiki"]
[Site "Chalkidiki"]
[Date "1992.??.??"]
[Round "8"]
[White "Lautier, Joel"]
[Black "Kotronias, Vasilios"]
[Result "1-0"]
[WhiteElo "2580"]
[BlackElo "2550"]

1.c4 e5 2.Nc3 Bb4 3.Nd5 Ba5 4.b4 c6 5.bxa5 cxd5 6.cxd5 Qxa5 7.e4 Nf6 8.Bd3 Na6
9.f3 d6 10.Bb2 Nc5 11.Bc2 Bd7 12.a4 O-O 13.Ne2 Rac8 14.Bc3 Qa6 15.d4 exd4
16.Bxd4 Qa5+ 17.Kf2 Ne8 18.g4 Nc7 19.g5 b5 20.Nf4 b4 21.Qd2 Qb6 22.a5 Qb5
23.Rhb1 b3 24.Bd1 N7a6 25.Be2 Qb7 26.Nh5 Bg4 27.Nxg7 Nb4 28.Kg1 Nc2 29.fxg4 Nxe4
30.Nf5 Rfe8 31.Qd3 Nxa1 32.Bxa1 Qb4 33.Qd4 Qxd4+ 34.Nxd4 Nd2 35.Rd1 Rc2 36.Bb5 Rb8
37.Bd3 Ra2 38.Bc3 b2 39.Bxd2  1-0

[Event "Chalkidiki"]
[Site "Chalkidiki"]
[Date "1992.??.??"]
[Round "10"]
[White "Sokolov, Ivan"]
[Black "Lautier, Joel"]
[Result "1/2-1/2"]
[WhiteElo "2625"]
[BlackElo "2580"]

1.d4 d5 2.c4 c6 3.Nf3 Nf6 4.Nc3 dxc4 5.a4 Bf5 6.e3 e6 7.Bxc4 Bb4 8.O-O Nbd7
9.Nh4 Bg6 10.h3 O-O 11.Nxg6 hxg6 12.Na2 Bd6 13.b4 a5 14.b5 c5 15.Bb2 Rc8
16.Rc1 Qe7 17.Qd2 cxd4 18.Bxd4 Ne4 19.Qxa5 Ra8 20.Qe1 Rxa4 21.Qe2 Rfa8 22.Nc3 Nxc3
23.Bxc3 Be5 24.Bb3 Ra3 25.Bxe5 Nxe5 26.Qc2 g5 27.Qc3 Nd7 28.Rfd1 Nf6 29.Rd4 R3a5
30.b6 Rb5 31.Qc7 Qa3 32.Rd8+ Rxd8 33.Qxd8+ Qf8 34.Qxf8+ Kxf8 35.Rc8+ Ke7
36.Rc7+  1/2-1/2

[Event "Correze m"]
[Site "Correze"]
[Date "1992.??.??"]
[Round "2"]
[White "Sokolov, Ivan"]
[Black "Lautier, Joel"]
[Result "1-0"]
[WhiteElo "2630"]
[BlackElo "2580"]

1.d4 d5 2.c4 e6 3.Nf3 Nf6 4.Nc3 Bb4 5.Bg5 Nbd7 6.cxd5 exd5 7.e3 c5 8.Bd3 c4
9.Bf5 Qa5 10.Qc2 O-O 11.O-O Re8 12.Nd2 g6 13.Bxd7 Nxd7 14.f3 Nb6 15.Bf4 Bd7
16.e4 Bxc3 17.bxc3 Ba4 18.Qc1 Bc6 19.e5 Na4 20.Nb1 Qb6 21.Rf2 Bd7 22.Bg5 Bf5
23.Nd2 Bd3 24.Bf6 Qb2 25.Qxb2 Nxb2 26.a4 b5 27.axb5 Reb8 28.Nf1 Rxb5 29.Ne3 Rab8
30.Rxa7 Bf5 31.g4 Bc8 32.f4 Nd3 33.Rf1 Bb7 34.f5 Ra8 35.Rxa8+ Bxa8 36.e6 fxe6
37.fxe6 h6 38.Be7 Rb8 39.Bd6 Re8 40.e7 Kg7 41.Rf8 Bc6 42.Nxd5  1-0